000 01231nam a2200313 a 4500
005 20240502113700.0
008 141203t1999||||ag a f |||| 001 0 spa d
020 _a9504397980
041 _aspa
092 _c617.028
_l4
_sARA
100 1 _aArata, Armando Luis
_93684
245 _aVentilación mecánica.
_bPrincipios básicos /
_cArmando Luis Arata.
250 _a1a ed.
260 _aBuenos Aires:
_bCorrales Ediciones Médicas;
_c1999.
300 _a179 p.
500 _aArata, A. L. (1999). Ventilación mecánica. Principios básicos. (1a ed.). Buenos Aires : Corrales Ediciones Médicas.
653 _aFisiología respiratoria
653 _aIndicaciones y objetivos de la ventilación mecánica
653 _aModos ventilatorios
653 _aPrincipios básicos en la programación de la ventilación mecánica
653 _aMetodología en la ventilación mecánica
653 _aMonitoreo del paciente en ventilación mecánica
653 _aSituaciones especiales
653 _aProcedimientos generales y especiales en el paciente ventilado
653 _aRetirada de la ventilación mecánica
653 _aComplicaciones de la ventilaciñon mecánica
653 _aRespiradores
942 _2ddc
_cBK
999 _c2124
_d2124